000 00520nam a2200205Ia 4500
005 20250506172944.0
008 008 250505s9999 xx 000 0 eng d
020 _a9780143440116
037 _aTB
040 _aILCL
_beng
_cILCL
041 _aeng
_2eng
082 _qILCL
100 _aNariman, Fali S
245 0 _aIndia's Legal System - can it be saved?
260 _aIndia
_bPenguin Random House
_c2017
300 _a167p.
365 _aINR
942 _cTB
_2Colon Classification
999 _c1312926
_d1312926